Taylor Swift's albums by amount of GRAMMY nominations - Statistics

General Stats
  • This quiz has been taken 24 times
  • The average score is 10 of 11
Answer Stats
Nominations Wins Album % Correct
3 0 Lover
100%
10 3 1989
95%
6 2 Midnights
95%
5 1 Red
95%
8 4 Fearless
89%
5 1 folklore
89%
1 0 reputation
89%
3 2 Speak Now
89%
1 0 evermore
84%
5 0 The Tortured Poets Department
84%
3 1 Red (Taylor's Version)
42%
No matching quizzes found
Score Distribution
Percent of People with Each Score
Percentile by Number Answered
Your Score History
You have not taken this quiz